kku e-library facility

Basic Stochastic Processes (Record no. 210)

MARC details
000 -LEADER
fixed length control field 00400nam a2200133 4500
005 - DATE AND TIME OF LATEST TRANSACTION
control field 20260330092312.0
008 - FIXED-LENGTH DATA ELEMENTS--GENERAL INFORMATION
fixed length control field 260330b |||||||| |||| 00| 0 eng d
020 ## - INTERNATIONAL STANDARD BOOK NUMBER
International Standard Book Number 978-93-90780-66-2
100 ## - MAIN ENTRY--PERSONAL NAME
Personal name Kashyap Ramesh Chandra
245 ## - TITLE STATEMENT
Title Basic Stochastic Processes
Statement of responsibility, etc. /Ramesh Chandra Kashyap
260 ## - PUBLICATION, DISTRIBUTION, ETC.
Place of publication, distribution, etc. New Delhi, India;
Name of publisher, distributor, etc. Random Publications;
Date of publication, distribution, etc. 2022
300 ## - PHYSICAL DESCRIPTION
Extent viii,315p.ill;
Dimensions 24cm
942 ## - ADDED ENTRY ELEMENTS (KOHA)
Source of classification or shelving scheme Library of Congress Classification
Suppress in OPAC No
Koha item type Books

No items available.

©2025 All rights reserved. KKU